Municipalities of Trentino-South Tyrol (with a map) - Statistics

General Stats
  • This quiz has been taken 312 times
    300 since last reset
  • The average score is 50 of 282
Answers on the Map
Answers color-coded by a green-red scale on the quiz's map according to % correct below.
 
Answer Stats
Comune % Correct
Bolzano/Bozen
97%
Trento
94%
Merano/Meran
82%
Bressanone/Brixen
76%
Rovereto
76%
Brennero/Brenner
72%
Riva del Garda
72%
Vipiteno/Sterzing
69%
Brunico/Bruneck
65%
Ortisei/St. Ulrich/Urtijëi
63%
San Candido/Innichen
62%
Arco
61%
Dobbiaco/Toblach
55%
Sesto/Sexten
55%
Cavalese
54%
Laives/Leifers
53%
Mezzolombardo
53%
Appiano sulla Strada del Vino/Eppan an der Weinstraße
51%
Malles Venosta/Mals
51%
Predazzo
51%
Canazei
50%
Cles
50%
Egna/Neumarkt
50%
Caldaro sulla Strada del Vino/Kaltern an der Weinstraße
49%
Pinzolo
49%
Braies/Prags
48%
Pergine Valsugana
48%
Lana/Lana
47%
Ora/Auer
47%
Rasun-Anterselva/Rasen-Antholz
46%
Molveno
45%
Salorno sulla Strada del Vino/Salurn an der Weinstraße
45%
Ala
43%
Curon Venosta/Graun im Vinschgau
43%
Mezzocorona
43%
Moena
43%
Andalo
42%
Caldonazzo
42%
Selva di Val Gardena/Wolkenstein in Gröden/Sëlva
42%
Renon/Ritten
41%
Campo Tures/Sand in Taufers
40%
Borgo Valsugana
39%
San Martino in Passiria/St. Martin in Passeier
39%
Brentonico
38%
Castelrotto/Kastelruth
38%
Funes/Villnöß
35%
Falzes/Pfalzen
34%
Racines/Ratschings
34%
Stelvio/Stilfs
34%
Valdaora/Olang
33%
Avio
31%
Cavedine
29%
Levico Terme
29%
Predoi/Prettau
29%
Folgaria
28%
Lavis
27%
Tirolo/Tirol
27%
Baselga di Piné
26%
Laces/Latsch
25%
Senales/Schnals
25%
Chiusa/Klausen
24%
Tenno
24%
Tione di Trento
23%
Ton
23%
Badia/Abtei/Badia
22%
Lavarone
21%
Sarentino/Sarntal
21%
Cis
20%
Corvara in Badia/Corvara
20%
Mori
20%
Prato allo Stelvio/Prad am Stilfserjoch
20%
Silandro/Schlanders
20%
Terlano/Terlan
20%
Valle Aurina/Ahrntal
20%
Malé
19%
Martello/Martello
19%
Dro
18%
Fortezza/Franzenfeste
18%
Nago-Torbole
18%
Termeno sulla Strada del Vino/Tramin an der Weinstraße
18%
Bondone
17%
Glorenza/Glurns
17%
Ledro
17%
Mezzana
17%
Monguelfo-Tesido/Welsberg-Taisten
17%
Lasa/Laas
16%
Meltina/Mölten
16%
Nova Levante/Welschnofen
16%
San Michele all'Adige
16%
Aldeno
15%
Comano Terme
15%
Cortina sulla Strada del Vino/Kurtinig an der Weinstraße
15%
San Giovanni di Fassa
15%
Ultimo/Ulten
15%
Villabassa/Niederdorf
15%
Civezzano
14%
Cortaccia sulla Strada del Vino/Kurtatsch an der Weinstraße
14%
Fai della Paganella
14%
Grigno
14%
Luserna
14%
Moso in Passiria/Moos in Passeier
14%
Naturno/Naturns
14%
Peio
14%
Primiero San Martino di Castrozza
14%
Ziano di Fiemme
14%
Rabbi
13%
Storo
13%
Besenello
12%
Calceranica al Lago
12%
Campitello di Fassa
12%
Dimaro Folgarida
12%
Fiavé
12%
Marebbe/Enneberg/Mareo
12%
Ponte Gardena/Waidbruck
12%
Rio di Pusteria/Mühlbach
12%
Terento/Terenten
12%
Tubre/Taufers im Münstertal
12%
Ville d'Anaunia
12%
Bronzolo/Branzol
11%
Castel Ivano
11%
Fiè allo Sciliar/Völs am Schlern
11%
Giovo
11%
Perca/Percha
11%
Tenna
11%
Tesero
11%
Valle di Casies/Gsies
11%
Volano
11%
Aldino/Aldein
10%
Bedollo
10%
Calliano
10%
Campo di Trens/Freienfeld
10%
Castello Tesino
10%
Chienes/Kiens
10%
Fornace
10%
Gais/Gais
10%
Imer
10%
Laion/Lajen
10%
La Valle/Wengen/La Val
10%
Luson/Lüsen
10%
Magrè sulla Strada del Vino/Margreid an der Weinstraße
10%
Montagna/Montan
10%
Nomi
10%
Predaia
10%
Roveré della Luna
10%
San Leonardo in Passiria/St. Leonhard in Passeier
10%
San Lorenzo di Sebato/St. Lorenzen
10%
Santa Cristina Valgardena/St. Christina in Gröden/Santa Cristina Gherdëina
10%
Spormaggiore
10%
Stenico
10%
Tires/Tiers
10%
Tre Ville
10%
Trodena nel parco naturale/Truden im Naturpark
10%
Vallarsa
10%
Vallelaghi
10%
Vermiglio
10%
Altopiano della Vigolana
9%
Anterivo/Altrei
9%
Carisolo
9%
Denno
9%
Isera
9%
Lagundo/Algund
9%
Lauregno/Laurein
9%
Mazzin
9%
Nalles/Nals
9%
Naz-Sciaves/Natz-Schabs
9%
Ospedaletto
9%
Palù del Fersina
9%
Pellizzano
9%
Pomarolo
9%
Porte di Rendena
9%
San Martino in Badia/St. Martin in Thurn/San Martin de Tor
9%
Scena/Schenna
9%
Sluderno/Schluderns
9%
Soraga di Fassa
9%
Spiazzo
9%
Sporminore
9%
Val di Vizze/Pfitsch
9%
Vandoies/Vintl
9%
Varna/Vahrn
9%
Villa Lagarina
9%
Albiano
8%
Bleggio Superiore
8%
Castelbello-Ciardes/Kastelbell-Tschars
8%
Castelnuovo
8%
Cimone
8%
Fierozzo
8%
Frassilongo
8%
Garniga Terme
8%
Giustino
8%
Nogaredo
8%
Novaledo
8%
Parcines/Partschins
8%
Roncegno Terme
8%
Sant'Orsola Terme
8%
Segonzano
8%
Selva dei Molini/Mühlwald
8%
Sfruz
8%
Strembo
8%
Telve
8%
Trambileno
8%
Valdaone
8%
Bocenago
7%
Borgo Lares
7%
Canal San Bovo
7%
Gargazzone/Gargazon
7%
Lona-Lases
7%
Marlengo/Marling
7%
Nova Ponente\Deutschnofen
7%
Ossana
7%
Proves/Proveis
7%
Ronzo-Chienis
7%
Rumo
7%
Sagron Mis
7%
Telve di Sopra
7%
Terragnolo
7%
Avelengo/Hafling
6%
Borgo Chiese
6%
Borgo d'Anaunia
6%
Caderzone Terme
6%
Caldes
6%
Campodenno
6%
Cavareno
6%
Cavedago
6%
Dambel
6%
Drena
6%
Mezzano
6%
Pieve Tesino
6%
Samone
6%
San Pancrazio/St. Pankraz
6%
Sarnonico
6%
Sella Giudicarie
6%
Terzolas
6%
Vadena/Pfatten
6%
Vignola-Falesina
6%
Altavalle
5%
Amblar-Don
5%
Andriano/Andrian
5%
Caines/Kuens
5%
Castel Condino
5%
Commezzadura
5%
Cornedo all'Isarco/Karneid
5%
Livo
5%
Massimeno
5%
Panchià
5%
Plaus/Plaus
5%
Postal/Burgstall
5%
Rifiano/Riffian
5%
Rodengo/Rodeneck
5%
Romeno
5%
Ronchi Valsugana
5%
San Lorenzo Dorsino
5%
Sanzeno
5%
Scurelle
5%
Senale-San Felice/Unsere Liebe Frau im Walde-St. Felix
5%
Sover
5%
Terre d'Adige
5%
Torcegno
5%
Valfloriana
5%
Velturno/Feldthurns
5%
Ville di Fiemme
5%
Bieno
4%
Bresimo
4%
Capriana
4%
Carzano
4%
Castello-Molina di Fiemme
4%
Cembra Lisignago
4%
Cermes/Tscherms
4%
Cinte Tesino
4%
Contà
4%
Madruzzo
4%
Pelugo
4%
San Genesio Atesino/Jenesien
4%
Verano/Vöran
4%
Villandro/Villanders
4%
Barbiano/Barbian
3%
Cavizzana
3%
Croviana
3%
Pieve di Bono-Prezzo
3%
Ronzone
3%
Tesimo/Tisens
3%
Novella
2%
Ruffré-Mendola
2%
No matching quizzes found
Score Distribution
Percent of People with Each Score
Percentile by Number Answered
Your Score History
You have not taken this quiz since the last reset